[Event "IECG QF.2003.0.00037"]
[Site "IECG email"]
[Date "2003.04.21"]
[Round "?"]
[White "Pomeroy, Raymond"]
[Black "Duncan, Alex"]
[Result "1-0"]
[WhiteElo "1000"]
[BlackElo "1000"]
[PlyCount "65"]
[EventDate "2003.04.19"]
[EventType "tourn (corr)"]
[EventRounds "6"]
[SourceTitle "Corr 2008"]
[Source "ChessBase"]
[SourceDate "2008.06.24"]
[SourceVersion "1"]
[SourceVersionDate "2008.06.24"]
[SourceQuality "1"]

1. e4 e5 2. Nf3 Nc6 3. Bb5 a6 4. Ba4 Nf6 5. 0-0 Be7 6. Re1 b5 7. Bb3 d6 8. c3 0-0 9. h3 Na5 10. Bc2 c5 11. d4 Qc7 12. Nbd2 Bb7 13. Nf1 Nc4 14. Ng3 Rad8 15. Nf5 d5 16. exd5 Rxd5 17. b3 Nd6 18. Nxe7+ Qxe7 19. Nxe5 Re8 20. Nd3 Nfe4 21. Nxc5 Qh4 22. Nxe4 Nxe4 23. g3 Qh5 24. g4 Qg6 25. Rxe4 Rxe4 26. f3 f5 27. fxe4 fxe4 28. Qe2 Rh5 29. Qg2 a5 30. gxh5 Qxg2+ 31. Kxg2 e3+ 32. Kg3 e2 33. Bd2 1-0

[Event "IECG QF.2003.0.00037"]
[Site "IECG email"]
[Date "2003.04.21"]
[Round "?"]
[White "Shah, Sehba"]
[Black "Duncan, Alex"]
[Result "1-0"]
[WhiteElo "930"]
[BlackElo "1000"]
[PlyCount "29"]
[EventDate "2003.04.19"]
[EventType "tourn (corr)"]
[EventRounds "6"]
[SourceTitle "Corr 2024"]
[Source "ChessBase"]
[SourceDate "2023.10.19"]
[SourceVersion "1"]
[SourceVersionDate "2023.10.19"]
[SourceQuality "1"]

1. e4 e5 2. Nf3 Nc6 3. Bb5 a6 4. Ba4 Nf6 5. 0-0 Be7 6. Re1 b5 7. Bb3 0-0 8. c3 d6 9. h3 Bb7 10. d4 a5 11. d5 Na7 12. Nbd2 c5 13. a4 Qd7 14. Nf1 Rac8 15. c4 1-0

[Event "IECG TG-2003-0-14848"]
[Site "IECG email"]
[Date "2003.04.10"]
[Round "1"]
[White "Duncan, Alex"]
[Black "Hesketh, Richard"]
[Result "0-1"]
[WhiteElo "1000"]
[BlackElo "974"]
[PlyCount "58"]
[EventDate "2003.04.10"]
[EventType "tourn (corr)"]
[EventRounds "6"]
[SourceTitle "Corr 2024"]
[Source "ChessBase"]
[SourceDate "2023.10.19"]
[SourceVersion "1"]
[SourceVersionDate "2023.10.19"]
[SourceQuality "1"]

1. d4 d5 2. c4 e5 3. dxe5 d4 4. Nf3 Nc6 5. a3 Bg4 6. b4 Bxf3 7. exf3 Nxe5 8. Bf4 Qe7 9. Qxd4 Nxf3+ 10. Kd1 Nxd4 11. Bd3 0-0-0 12. Nc3 Ne6 13. Re1 Rxd3+ 14. Kc2 Rd4 15. Be5 Rxc4 16. Rad1 Qg5 17. Kb3 Rxc3+ 18. Bxc3 Qxg2 19. f4 Be7 20. Rd2 Qf3 21. b5 Nf6 22. Kb2 Bxa3+ 23. Kc2 Rd8 24. Rxd8+ Kxd8 25. Ra1 Bc5 26. Rd1+ Kc8 27. Rd3 Qe4 28. Bxf6 gxf6 29. f5 Nf4 0-1

[Event "IECG TG-2003-0-14848"]
[Site "IECG email"]
[Date "2003.04.10"]
[Round "2"]
[White "Hesketh, Richard"]
[Black "Duncan, Alex"]
[Result "1-0"]
[WhiteElo "974"]
[BlackElo "1000"]
[PlyCount "83"]
[EventDate "2003.04.10"]
[EventType "tourn (corr)"]
[EventRounds "6"]
[SourceTitle "Corr 2024"]
[Source "ChessBase"]
[SourceDate "2023.10.19"]
[SourceVersion "1"]
[SourceVersionDate "2023.10.19"]
[SourceQuality "1"]

1. d4 d5 2. e4 dxe4 3. Nc3 Nf6 4. f3 exf3 5. Nxf3 Bg4 6. Be2 Nc6 7. 0-0 Nxd4 8. Qxd4 e6 9. Bg5 Qxd4+ 10. Nxd4 Bc5 11. Bxf6 gxf6 12. Bxg4 Bxd4+ 13. Kh1 0-0-0 14. Nd1 Rhg8 15. Be2 f5 16. c3 Be5 17. Bf3 Rd2 18. Rf2 Rgd8 19. Rxd2 Rxd2 20. Rb1 h5 21. Bxh5 f4 22. Bxf7 Kd7 23. h4 f3 24. gxf3 Rh2+ 25. Kg1 Rxh4 26. Bg6 Bh2+ 27. Kg2 e5 28. Nf2 Bf4 29. Rh1 Rxh1 30. Kxh1 Ke6 31. Kg2 c5 32. Kh3 b5 33. Kg4 Kd5 34. Be4+ Ke6 35. Nd3 Be3 36. b3 a5 37. c4 bxc4 38. bxc4 a4 39. a3 Kd6 40. Kf5 Bd4 41. Bb7 Bc3 42. Ba6 1-0

[Event "IECG QF.2002.0.00028"]
[Site "IECG email"]
[Date "2002.11.28"]
[Round "?"]
[White "Poulsen, Jesper"]
[Black "Duncan, Alex"]
[Result "1-0"]
[WhiteElo "1019"]
[BlackElo "1000"]
[PlyCount "55"]
[EventDate "2002.11.28"]
[EventType "tourn (corr)"]
[EventRounds "6"]
[SourceTitle "Corr 2024"]
[Source "ChessBase"]
[SourceDate "2023.10.19"]
[SourceVersion "1"]
[SourceVersionDate "2023.10.19"]
[SourceQuality "1"]

1. d4 Nf6 2. Nf3 d5 3. Bf4 c5 4. c3 Nc6 5. h3 Bf5 6. e3 Ne4 7. Nbd2 g6 8. Nxe4 Bxe4 9. Bb5 e6 10. Ne5 Qe7 11. Nxc6 Qd7 12. Nxa7 Rxa7 13. Bxd7+ Kxd7 14. f3 Bf5 15. g4 g5 16. Bxg5 Rg8 17. Bf4 Bg6 18. Qb3 Bd6 19. Bxd6 Kxd6 20. Qb6+ Ke7 21. Qxa7 Kf8 22. Qxb7 h5 23. 0-0-0 c4 24. Qc8+ Kg7 25. Qc7 Kh6 26. Rdg1 Ra8 27. Qf4+ Kh7 28. gxh5 1-0

[Event "IECG QF.2002.0.00022"]
[Site "IECG email"]
[Date "2002.08.05"]
[Round "?"]
[White "Duncan, Alex"]
[Black "Sherwood, Aaron"]
[Result "0-1"]
[WhiteElo "1000"]
[BlackElo "1000"]
[PlyCount "50"]
[EventDate "2002.08.05"]
[EventType "tourn (corr)"]
[EventRounds "6"]
[SourceTitle "Corr 2008"]
[Source "ChessBase"]
[SourceDate "2008.06.24"]
[SourceVersion "1"]
[SourceVersionDate "2008.06.24"]
[SourceQuality "1"]

1. e4 c6 2. d4 d5 3. Nc3 dxe4 4. Nxe4 Nf6 5. Nc5 Nbd7 6. Be2 Nxc5 7. dxc5 Bf5 8. Bd3 e6 9. b4 Bxd3 10. Qxd3 Qd5 11. Nf3 Be7 12. 0-0 0-0 13. Re1 Rfd8 14. b5 Qxc5 15. Qe2 Qxb5 16. Qe5 Rd5 17. Qc7 Bd6 18. c4 Qb4 19. a3 Qb3 20. Nd2 Rxd2 21. Qa5 Rd3 22. Bg5 Ng4 23. c5 Bxh2+ 24. Kh1 Rh3 25. Qd2 Bf4+ 0-1

[Event "IECG QF.2002.0.00022"]
[Site "IECG email"]
[Date "2002.08.05"]
[Round "?"]
[White "Sherwood, Aaron"]
[Black "Duncan, Alex"]
[Result "1-0"]
[WhiteElo "1000"]
[BlackElo "1000"]
[PlyCount "45"]
[EventDate "2002.08.05"]
[EventType "tourn (corr)"]
[EventRounds "6"]
[SourceTitle "Corr 2008"]
[Source "ChessBase"]
[SourceDate "2008.06.24"]
[SourceVersion "1"]
[SourceVersionDate "2008.06.24"]
[SourceQuality "1"]

1. d4 Nf6 2. Nf3 g6 3. Bf4 d5 4. e3 Bg7 5. Be2 Nc6 6. Nc3 0-0 7. Ne5 Nb4 8. a3 Nc6 9. h4 Nxe5 10. dxe5 Nd7 11. e6 Bxc3+ 12. bxc3 Nc5 13. exf7+ Rxf7 14. h5 Bf5 15. Bg4 Ne4 16. hxg6 Rf6 17. Bxf5 Rxf5 18. gxh7+ Kh8 19. Qd4+ Nf6 20. g4 e5 21. Bxe5 Rf3 22. Ke2 c5 23. Qxc5 1-0